LEADER 00918nam0-22003131i-450- 001 990000488440403321 005 20070921101805.0 010 $a0-08-018224-0 035 $a000048844 035 $aFED01000048844 035 $a(Aleph)000048844FED01 035 $a000048844 100 $a20020821d1979----km-y0itay50------ba 101 0 $aeng 105 $aa-------001yy 200 1 $aProblems of linear electron (Polaron) transport theory in semiconductors$fM. I. Klinger 210 $aOxford [etc.]$cPergamon Press$d1979 215 $a934 p.$d25 cm 225 1 $aInternational series in Natural philosophy$v87 610 0 $aTrasporto degli elettroni 610 0 $aSemiconduttori 676 $a537.6'22 700 1$aKlinger,$bMikhail Izrailevich 801 0$aIT$bUNINA$gRICA$2UNIMARC 901 $aBK 912 $a990000488440403321 952 $a10 D III 467$bL/10 CNR$fDINEL 959 $aDINEL 997 $aUNINA LEADER 01952nas 2200421 n 450 001 990008934990403321 005 20240229084258.0 011 $a0008-008X 035 $a000893499 035 $aFED01000893499 035 $a(Aleph)000893499FED01 035 $a000893499 091 $2CNR$aP 00073576 100 $a20161109a19569999km-y0itaa50------ba 101 0 $afre 102 $aFR 110 $aauu-------- 200 1 $aCahiers d'histoire 207 1$a1956- 210 $aLyon$cComite historique du Centre-Est;Horvath 452 0$12001$aCahiers d'histoire 530 0 $aCahiers d'histoire 676 $a944 676 $a944.005 712 02$aComité Historique du Centre Est 801 0$aIT$bACNP$c20090723 859 4 $uhttp://acnp.cib.unibo.it/cgi-ser/start/it/cnr/dc-p1.tcl?catno=47721&person=false&language=ITALIANO&libr=&libr_th=unina1$zBiblioteche che possiedono il periodico 901 $aSE 912 $a990008934990403321 958 $aBiblioteca della Facoltà di Economia Complesso Universitario Monte S. Angelo- Università degli Studi di Napoli "Federico II"$b1956-$c1985;$eST.II-A-2/ST.VII-G-3 Dep.$fDECBC 958 $aBRAU. Biblioteca di Ricerca di Area Umanistica$b1975-1980;1983-$c1975;$eFRANCIA 98$fFLFBC 959 $aDECBC 959 $aFLFBC 996 $aCahiers d'histoire$9796553 997 $aUNINA AP1 8 $6866-01$aNA042 Biblioteca della Facoltà di Economia Complesso Universitario Monte S. Angelo- Università degli Studi di Napoli "Federico II"$bST.II-A-2/ST.VII-G-3 Dep.$evia Cinthia,26, 80126 Napoli (NA)$m081676647-0816782$m081676684$nit AP1 8 $6866-02$aNA072 BRAU. Biblioteca di Ricerca di Area Umanistica$bFRANCIA 98$ePiazza Bellini 56/60, 80133 Napoli (NA)$m(081) 2533948$nit AP2 40$aacnp.cib.unibo.it$nACNP Italian Union Catalogue of Serials$uhttp://acnp.cib.unibo.it/cgi-ser/start/it/cnr/df-p.tcl?catno=47721&language=ITALIANO&libr=&person=&B=1&libr_th=unina&proposto=NO